| 000 | 01186cam a22003255a 4500 | ||
|---|---|---|---|
| 001 | 016562392 | ||
| 003 | OSt | ||
| 005 | 20151001133613.0 | ||
| 008 | 140205t2014 enka frbd 001 0 eng d | ||
| 020 | _a9781292004860 (pbk.) | ||
| 020 | _a129200486X | ||
| 040 |
_aStDuBDS _beng _cStDuBDS _dUk _dEG-ScBUE |
||
| 082 | 0 | 4 |
_a005.74 _bKRO _222 |
| 100 | 1 |
_aKroenke, David M., _d1948- _938411 |
|
| 245 | 1 | 0 |
_aDatabase processing : _bfundamentals, design, and implementation / _cDavid M. Kroenke, David J. Auer ; contributions by Arup Kumar Bhattacharjee, Soumen Mukherjee. |
| 250 | _a13th ed., International ed. | ||
| 260 |
_aHarlow : _bPearson Education Limited, _cc.2014. |
||
| 300 |
_a640 p. : _bill. ; _c28 cm. |
||
| 500 | _aIndex : p. 629-640. | ||
| 500 | _aGlossary : p. 615-627. | ||
| 504 | _aBibliography : p. 613-614. | ||
| 650 | 7 |
_aDatabase management. _2BUEsh _911309 |
|
| 650 | 0 |
_aDatabase management _vProblems, exercises, etc. _2BUEsh |
|
| 651 | _2BUEsh | ||
| 653 |
_bCOMSCI _cJune2015 _cSeptember2015 |
||
| 700 | 1 | _aAuer, David J. | |
| 700 | 1 |
_aBhattacharjee, Arup Kumar, _econtributer. _932793 |
|
| 700 | 1 |
_aMukherjee, Soumen, _econtributer. |
|
| 942 |
_2ddc _k005.74 KRO |
||
| 999 |
_c19829 _d19801 |
||